MARC details
| 000 -LÍDER |
| campo de controle de tamanho fixo |
01206nam a22003497a 4500 |
| 001 - NÚMERO DE CONTROLE |
| campo de controle |
BR7603361 |
| 003 - IDENTIFICADOR DO NÚMERO DE CONTROLE |
| campo de controle |
BR-BrBNA |
| 005 - DATA E HORÁRIO DA ÚLTIMA TRANSAÇÃO |
| campo de controle |
20230928085023.0 |
| 007 - CAMPO FIXO DE DESCRIÇÃO FÍSICA--INFORMAÇÃO GERAL |
| campo de controle de tamanho fixo |
ta |
| 008 - CAMPO DE DADOS FIXOS--INFORMAÇÃO GERAL |
| campo de controle de tamanho fixo |
230509b bl.||||| |||| 00| 0 por d |
| 040 ## - FONTE DA CATALOGAÇÃO |
| Instituição da catalogação original |
BR-BrBNA |
| Idioma da catalogação |
por |
| Instituição que transcreveu o registro |
Biblioteca Nacional de Agricultura |
| 041 ## - CÓDIGO DE IDIOMA |
| Código do idioma do texto/trilha sonora ou título diferente |
(Por) |
| 072 ## - CÓDIGO DE CATEGORIA DE ASSUNTO |
| Código de Categoria de Assunto |
P10; F24 |
| Código do objeto |
2110 |
| -- |
/G514 |
| -- |
/GZ35 |
| 090 ## - NÚMERO DE CHAMADA LOCAL |
| -- |
2110 BR7603361 |
| 100 1# - ENTRADA PRINCIPAL--NOME PESSOAL |
| Nome pessoal |
Rocha Filho, C.A. |
| 110 1# - ENTRADA PRINCIPAL--NOME CORPORATIVO |
| Nome corporativo ou nome da jurisdição |
Comissao Executiva do Plano da Lavoura Cacaueira, Ilheus, BA (Brasil); |
| 9 (RLIN) |
2106 |
| 110 1# - ENTRADA PRINCIPAL--NOME CORPORATIVO |
| Nome corporativo ou nome da jurisdição |
IICA, Rio de Janeiro, RJ (Brasil) |
| 9 (RLIN) |
5562 |
| 245 1# - TÍTULO |
| Título |
Diagnostico socio-economico da regiao cacaueira. Recursos hidricos [Theobroma cacao; Bacia hidrografica; Recurso da agua; Reconhecimento do solo; Levantamento fisiografico; Bahia; Brasil] |
| Restante do título |
v. 5 Convenio IICA/CEPLAC |
| 260 3# - PUBLICAÇÃO, DISTRIBUIÇÃO, ETC. |
| Local de publicação, distribuição, etc. |
Ilheus, BA (Brasil): |
| Data da publicação, distribuição, etc. |
1976. |
| 300 ## - DESCRIÇÃO FÍSICA |
| Extensão |
133 p. |
| 500 ## - NOTA GERAL |
| Nota geral |
72 graphs; 98 tables; 2 Maps (scale 1:45,000); 17 ref. |
| 650 ## - ASSUNTO--TERMO TÓPICO |
| Cabeçalho tópico ou nome geográfico |
CACAU |
| 650 ## - ASSUNTO--TERMO TÓPICO |
| Cabeçalho tópico ou nome geográfico |
BACIA HIDROGRAFICA |
| 650 ## - ASSUNTO--TERMO TÓPICO |
| Cabeçalho tópico ou nome geográfico |
HIDROGEOLOGIA |
| 650 ## - ASSUNTO--TERMO TÓPICO |
| Cabeçalho tópico ou nome geográfico |
RECURSO HIDRICO |
| 650 ## - ASSUNTO--TERMO TÓPICO |
| Cabeçalho tópico ou nome geográfico |
FLUVIOMETRIA |
| 650 ## - ASSUNTO--TERMO TÓPICO |
| Cabeçalho tópico ou nome geográfico |
LEVANTAMENTO FISIOGRAFICO |
| 650 ## - ASSUNTO--TERMO TÓPICO |
| Cabeçalho tópico ou nome geográfico |
MAPA |
| 650 ## - ASSUNTO--TERMO TÓPICO |
| Cabeçalho tópico ou nome geográfico |
BAHIA |
| 909 ## - |
| -- |
202309 |
| -- |
Lucia |
| -- |
55 |
| -- |
Lucia Elande |
| 942 ## - ELEMENTOS DE ENTRADA ADICIONADOS (KOHA) |
| Tipo de material Koha |
Livros |